Stála prevádzkareň v kontexte s obmedzenou daňovou povinnosťou z pohľadu vzorovej zmluvy OECD

Posúdenie cezhraničných transakcií z pohľadu medzinárodnej zmluvy. Definícia stálej prevádzkarne. Postup pri posudzovaní činnosti daňovníkov s obmedzenou daňovou povinnosťou na území Slovenska a riešenie otázky, či im vzniká stála prevádzkareň na území Slovenska. Ilustračný príklad.

Enregistré dans:
Détails bibliographiques
Auteur principal: Mandáková, Silvia
Format: Chapitre de livre
Langue:slovaque
Sujets:
Tags: Ajouter un tag
Pas de tags, Soyez le premier à ajouter un tag!

MARC

LEADER 00000naa$a2200000$$$4500
001 0080158
005 20240426104333.9
041 0 |a slo 
044 |a SK 
245 1 0 |a Stála prevádzkareň v kontexte s obmedzenou daňovou povinnosťou z pohľadu vzorovej zmluvy OECD  |c Silvia Mandáková 
520 |a Posúdenie cezhraničných transakcií z pohľadu medzinárodnej zmluvy. Definícia stálej prevádzkarne. Postup pri posudzovaní činnosti daňovníkov s obmedzenou daňovou povinnosťou na území Slovenska a riešenie otázky, či im vzniká stála prevádzkareň na území Slovenska. Ilustračný príklad. 
610 2 0 |a dane z príjmov 
610 2 0 |a povinnosť daňová 
610 2 0 |a prevádzky 
610 2 0 |a Slovensko 
610 2 0 |a zmluvy medzinárodné 
610 2 0 |a prevádzkarne stále 
100 1 |a Mandáková, Silvia